00823cam a2200217 450000500170000000800410001702000150005805000180007310000170009124501640010825000110027226000420028330000280032550000500035350400290040350400340043260000510046665000270051765000290054470000320057320180905144511.0151204b sp ||||| |||| 00| 0 spa d a847432639704aD13bB87 19981 aBurke, Peter14aLos Avatares de el cortesano :blecturas e interpretaciones de uno de los libro más influyentes del Renacimiento /cpor Peter Burke ; tr. Gabriela Ventureira a1a ed. aBarcelona, España :bGedisa,c1998. a238 p. :bil. ;c22 cm. aTraducción : The Fortunes of the Courtier. aBibliografia: p. 208-230 aIncluye apéndice e índice1 aCatiglione, Baldassarre, cConde,d[1478-1529] 72LEMBaHistoriografía 72LEMBaCorte y cortesanos1 aVentureira, Gabriela, etr.